000 00603cam a22002053a 4500
001 40721
003 PGUSA
005 20140828083917.0
008 120910s2012||||xxu|||||s|||||000 | eng d
040 _aPGUSA
_beng
042 _adc
100 1 _aWirt, Mildred A.
_q(Mildred Augustine),
_d1905-2002
245 1 0 _aDan Carter and the Cub Honor
_h[electronic resource] /
_cMildred A. Wirt
260 _bProject Gutenberg,
_c2012
506 _aPublic domain in the USA.
516 _aElectronic text
830 0 _aProject Gutenberg
_v40721
856 4 0 _uhttp://www.gutenberg.org/ebooks/40721
942 _cEB
999 _c269973
_d269973